Matematik Tambahan . Tingkatan 4&5 KSSM

Bibliographic Details
Main Authors: Wong, Mee Kiong (Author), Chang, Tze Hin (Author), Lien, Grace Poh Choo (Author), Moh, Sin Yee (Author)
Format: Book
Language:Malay
Published: PETALING JAYA, Selangor : SASBADI SDN. BHD [2022?]
Series:Masterclass SPM
Subjects:

MARC

LEADER 00000cam a2200000 7i4500
001 0000147061
005 20230110.0
008 230110s2022 my a xb k may
020 |a 9789837725003 
040 |a PERPUSTAM   |b eng   |c PERPUSTAM   |e rda 
041 |a may 
090 0 0 |a 510.76   |b WON 
100 0 |a Wong, Mee Kiong ,   |e author 
245 1 0 |a Matematik Tambahan .   |n Tingkatan 4&5 KSSM   |c Dr. Wong Mee Kiong, Grace Lien Poh Choo, Chang Tze hin, Moh Sin Yee 
264 1 |a PETALING JAYA, Selangor :   |b SASBADI SDN. BHD   |c [2022?] 
300 |a viii, 399 pages :   |b colour illustrations, colour photographs ;   |c 27 cm. 
336 |a text  |2 rdacontent 
337 |a unmediated  |2 rdamedia 
338 |a volume  |2 rdacarrier 
490 1 |a MASTERCLASS SPM 
500 |a Includes questions and answers 
650 1 0 |a Mathematics   |v Problems, exercises, etc. 
700 1 |a Chang, Tze Hin ,   |e author 
700 1 |a Lien, Grace Poh Choo ,   |e author 
700 1 |a Moh, Sin Yee ,   |e author 
830 0 |a Masterclass SPM 
999 |a 0000748947   |b Buku   |c Koleksi Peperiksaan   |e Perbadanan Perpustakaan Awam Melaka 
999 |a 0000748948   |b Buku   |c Koleksi Peperiksaan   |e Perbadanan Perpustakaan Awam Melaka 
999 |a 0000748949   |b Buku   |c Koleksi Peperiksaan   |e Perbadanan Perpustakaan Awam Melaka 
999 |a 0000748950   |b Buku   |c Koleksi Peperiksaan   |e Perpustakaan Cawangan Jasin 
999 |a 0000748951   |b Buku   |c Koleksi Peperiksaan   |e Perpustakaan Cawangan Masjid Tanah 
999 |a 0000748952   |b Buku   |c Koleksi Peperiksaan   |e Perpustakaan Cawangan Merlimau 
999 |a 0000748953   |b Buku   |c Koleksi Peperiksaan   |e Perpustakaan Komuniti UTC Melaka 
999 |a 0000748954   |b Buku   |c Koleksi Peperiksaan   |e Perpustakaan Desa Asahan 
999 |a 0000748955   |b Buku   |c Koleksi Peperiksaan   |e Perpustkaan Desa Lubuk China